Top Five Countries By Category #2 - Statistics

General Stats
  • This quiz has been taken 69 times
  • The average score is 41 of 60
Answer Stats
Hint Answer % Correct
Wins in the women'sFIFA World Cup United States
100%
Population of immigrants United States
100%
Diamond production Russia
95%
Borders Russia
95%
Wins in the women's FIFA World Cup Germany
94%
Population of immigrants Germany
94%
Borders Germany
94%
Southernmost capital city Australia
92%
Population of immigrants France
92%
Population of immigrants United Kingdom
92%
Southernmost capital city Argentina
91%
Borders China
91%
Southernmost capital city New Zealand
91%
Northernmost capital city Sweden
91%
Wins in the women'sFIFA World Cup Norway
89%
Northernmost capital city Norway
89%
Diamond production Canada
88%
Northernmost capital city Iceland
86%
Diamond production South Africa
86%
Southernmost capital city South Africa
86%
Number of official languages South Africa
86%
Wins in the women'sFIFA World Cup Spain
86%
Borders Brazil
85%
Northernmost capital city Finland
85%
Strongest passport Finland
85%
Wins in the women'sFIFA World Cup Japan
77%
Strongest passport Japan
77%
Borders Democratic Republic of the Congo
74%
Northernmost capital city Estonia
68%
Flag with highest % green Pakistan
67%
Weakest passport Pakistan
67%
Flag with highest % green Saudi Arabia
67%
Population of immigrants Saudi Arabia
67%
% of cultivated land Denmark
64%
Strongest passport Denmark
64%
Southernmost capital city Uruguay
64%
Most populous landlockednations Afghanistan
61%
Weakest passport Afghanistan
61%
Weakest passport Iraq
61%
Strongest passport South Korea
59%
Number of official languages Bolivia
58%
Flag with highest % green Zambia
56%
Number of official languages Zimbabwe
53%
Most populous landlockednations Ethiopia
52%
Number of official languages Ethiopia
52%
% of cultivated land Bangladesh
50%
Flag with highest % green Bangladesh
50%
Strongest passport Singapore
50%
Weakest passport Syria
45%
Number of official languages Mali
42%
Most populous landlockednations Uzbekistan
41%
Most populous landlockednations Uganda
39%
Diamond production Botswana
38%
Flag with highest % green Turkmenistan
38%
Most populous landlockednations Nepal
36%
Weakest passport Somalia
35%
Diamond production Angola
29%
% of cultivated land Tuvalu
12%
% of cultivated land Moldova
9%
% of cultivated land Comoros
8%
No matching quizzes found
Score Distribution
Percent of People with Each Score
Percentile by Number Answered
Your Score History
You have not taken this quiz